[Event "CZE-chT2A 1819"]
[Site "Czech Republic"]
[Date "2019.03.31"]
[Round "11.8"]
[White "Kopicka, Karel"]
[Black "Loskot, Petr"]
[Result "1/2-1/2"]
[WhiteElo "2043"]
[BlackElo "2032"]
[PlyCount "58"]
[EventDate "2018.10.14"]
[EventType "team-tourn"]
[EventRounds "11"]
[EventCountry "CZE"]
[SourceTitle "EXT 2022"]
[Source "ChessBase"]
[SourceDate "2021.10.06"]
[SourceVersion "1"]
[SourceVersionDate "2021.10.06"]
[SourceQuality "1"]
[WhiteTeam "Praha Bohemians"]
[BlackTeam "Tabor"]
[WhiteTeamCountry "CZE"]
[BlackTeamCountry "CZE"]

1. d4 d5 2. Nf3 Nf6 3. c4 e6 4. cxd5 exd5 5. Nc3 Be7 6. Bg5 c6 7. Qc2 Nbd7 8. e3 Nh5 9. Bxe7 Qxe7 10. 0-0-0 Nb6 11. Bd3 Be6 12. h3 g6 13. Ne5 0-0-0 14. Kb1 Kb8 15. Rc1 Rc8 16. Na4 Nxa4 17. Qxa4 Ng7 18. Rc3 f6 19. Nf3 Bf5 20. Rhc1 Bxd3+ 21. Rxd3 Nf5 22. Ra3 a6 23. Rb3 Ka7 24. Nd2 Nd6 25. Qb4 Qc7 26. Rbc3 Rhd8 27. Nb3 Ne4 28. R3c2 Qd6 29. Qe1 f5 1/2-1/2

[Event "CZE-chT2A 1617"]
[Site "Czech Republic"]
[Date "2016.11.27"]
[Round "4.3"]
[White "Hagarova, Zuzana"]
[Black "Kopicka, Karel"]
[Result "1-0"]
[WhiteElo "2332"]
[BlackElo "2042"]
[PlyCount "61"]
[EventDate "2016.10.09"]
[EventType "team-tourn"]
[EventRounds "11"]
[EventCountry "CZE"]
[SourceTitle "EXT 2022"]
[Source "ChessBase"]
[SourceDate "2021.10.06"]
[SourceVersion "1"]
[SourceVersionDate "2021.10.06"]
[SourceQuality "1"]
[WhiteTeam "Karlovy Vary Tietz"]
[BlackTeam "Praha Bohemians II"]
[WhiteTeamCountry "CZE"]
[BlackTeamCountry "CZE"]

1. e4 e5 2. Nf3 Nc6 3. d4 exd4 4. Nxd4 Nf6 5. Nxc6 bxc6 6. e5 Qe7 7. Qe2 Nd5 8. c4 Ba6 9. g3 f6 10. e6 Nb6 11. b3 Qxe6 12. Qxe6+ dxe6 13. Nc3 Bb4 14. Bb2 0-0-0 15. a3 Bxc3+ 16. Bxc3 e5 17. Bg2 Bb7 18. 0-0 c5 19. Bh3+ Kb8 20. Rfc1 Nc8 21. b4 cxb4 22. Bxb4 Be4 23. Ba5 Ne7 24. Ra2 f5 25. Rb2+ Kc8 26. Re1 Rd4 27. f3 Bxf3 28. Rxe5 Rd7 29. Reb5 Rdd8 30. Rb8+ Kd7 31. Rd2+ 1-0

[Event "CZE-chT2A 1617"]
[Site "Czech Republic"]
[Date "2016.11.13"]
[Round "3.6"]
[White "Jaros, Martin"]
[Black "Kopicka, Karel"]
[Result "1/2-1/2"]
[WhiteElo "2237"]
[BlackElo "2042"]
[PlyCount "63"]
[EventDate "2016.10.09"]
[EventType "team-tourn"]
[EventRounds "11"]
[EventCountry "CZE"]
[SourceTitle "EXT 2022"]
[Source "ChessBase"]
[SourceDate "2021.10.06"]
[SourceVersion "1"]
[SourceVersionDate "2021.10.06"]
[SourceQuality "1"]
[WhiteTeam "Kozolupy"]
[BlackTeam "Praha Bohemians II"]
[WhiteTeamCountry "CZE"]
[BlackTeamCountry "CZE"]

1. e4 e5 2. Nf3 Nc6 3. Bc4 Nf6 4. d4 exd4 5. e5 d5 6. Bb5 Ne4 7. Nxd4 Bc5 8. Be3 Bd7 9. Bxc6 bxc6 10. 0-0 Qe7 11. Re1 0-0 12. f3 Ng5 13. Qd2 Ne6 14. Nxe6 Bxe6 15. c3 Rab8 16. b4 Bb6 17. Qf2 a5 18. a3 f6 19. Bd4 fxe5 20. Rxe5 Qf6 21. Qe3 Bd7 22. Nd2 Rbe8 23. Re1 axb4 24. axb4 Qg6 25. Nb3 Rxe5 26. Qxe5 Rxf3 27. Nc5 Rf5 28. Qe7 Bc8 29. Qe8+ Qxe8 30. Rxe8+ Rf8 31. Re7 Rf7 32. Re8+ 1/2-1/2

[Event "CZE-chT2C 1516"]
[Site "Czech Republic"]
[Date "2016.01.24"]
[Round "6.8"]
[White "Kopicka, Karel"]
[Black "Kolasin, Jan"]
[Result "1/2-1/2"]
[WhiteElo "2086"]
[BlackElo "1989"]
[PlyCount "40"]
[EventDate "2015.10.18"]
[EventType "team-tourn"]
[EventRounds "11"]
[EventCountry "CZE"]
[SourceTitle "EXT 2022"]
[Source "ChessBase"]
[SourceDate "2021.10.06"]
[SourceVersion "1"]
[SourceVersionDate "2021.10.06"]
[SourceQuality "1"]
[WhiteTeam "Praha Bohemians"]
[BlackTeam "Ricany"]
[WhiteTeamCountry "CZE"]
[BlackTeamCountry "CZE"]

1. d4 Nf6 2. Nf3 g6 3. c4 Bg7 4. Nc3 d6 5. g3 0-0 6. Bg2 Nbd7 7. 0-0 e5 8. e4 c6 9. h3 Qc7 10. Be3 a5 11. Qc2 b5 12. c5 dxc5 13. dxc5 Rd8 14. a3 Nf8 15. b4 Be6 16. Rfd1 h6 17. Rxd8 Rxd8 18. Rd1 Ne8 19. Rxd8 Qxd8 20. Qd2 Qxd2 1/2-1/2

[Event "CZE-chT2C 1415"]
[Site "Czech Republic"]
[Date "2015.03.29"]
[Round "10.6"]
[White "Stolba, Milos"]
[Black "Kopicka, Karel"]
[Result "0-1"]
[WhiteElo "2170"]
[BlackElo "2092"]
[PlyCount "46"]
[EventDate "2014.11.02"]
[EventType "team-tourn"]
[EventRounds "11"]
[EventCountry "CZE"]
[SourceTitle "EXT 2022"]
[Source "ChessBase"]
[SourceDate "2021.10.06"]
[SourceVersion "1"]
[SourceVersionDate "2021.10.06"]
[SourceQuality "1"]
[WhiteTeam "Kutna Hora"]
[BlackTeam "Praha Bohemians II"]
[WhiteTeamCountry "CZE"]
[BlackTeamCountry "CZE"]

1. d4 Nf6 2. Nf3 g6 3. g3 Bg7 4. Bg2 0-0 5. 0-0 d6 6. c4 Nc6 7. Nc3 Bf5 8. h3 Ne4 9. Nh4 Nxc3 10. bxc3 Bd7 11. f4 e5 12. Nf3 e4 13. Nd2 Nxd4 14. Nxe4 Nf5 15. Qd3 Bc6 16. Ng5 h6 17. e4 Nxg3 18. Nxf7 Qh4 19. Rf3 Bxe4 20. Qe3 Bxf3 21. Nxh6+ Bxh6 22. Qe6+ Kg7 23. Be3 Nf5 0-1

[Event "CZE-chT2V 0203"]
[Site "Czech Republic"]
[Date "2003.??.??"]
[Round "5"]
[White "Petras, Milan"]
[Black "Kopicka, Karel"]
[Result "0-1"]
[WhiteElo "2119"]
[BlackElo "2156"]
[PlyCount "102"]
[EventDate "2002.10.??"]
[EventType "team-tourn"]
[EventRounds "11"]
[EventCountry "CZE"]
[SourceTitle "EXT 2007"]
[Source "ChessBase"]
[SourceDate "2006.11.23"]
[SourceVersion "1"]
[SourceVersionDate "2006.11.23"]
[SourceQuality "1"]
[WhiteTeam "Ricany"]
[BlackTeam "Bohemians II"]
[WhiteTeamCountry "CZE"]
[BlackTeamCountry "CZE"]

1. e4 e6 2. d4 d5 3. exd5 exd5 4. Bd3 Nc6 5. Ne2 Bg4 6. f3 Bh5 7. Bf4 Bd6 8. Nbc3 Nb4 9. Bb5+ c6 10. Ba4 Ne7 11. Qd2 Bg6 12. a3 Na6 13. 0-0-0 Nc7 14. Bxd6 Qxd6 15. Qf4 0-0-0 16. Qxd6 Rxd6 17. Nf4 Ne6 18. Nce2 Nf5 19. c3 Re8 20. Rde1 Ne3 21. Bb3 Kd7 22. h4 Nxf4 23. Nxf4 Rf6 24. g3 h5 25. Rhg1 Nf5 26. Rxe8 Kxe8 27. Kd1 Nxg3 28. Nxg6 Rxg6 29. Bc2 Nf5 30. Re1+ Ne7 31. Bxg6 fxg6 32. Kd2 Kf7 33. b3 Nf5 34. Rh1 Kf6 35. Kd3 g5 36. hxg5+ Kxg5 37. c4 h4 38. cxd5 cxd5 39. Rc1 Kf4 40. Rc5 h3 41. Rc1 Ng3 42. Rc2 Kxf3 43. Rh2 Kg4 44. Kc3 Ne4+ 45. Kb4 Kg3 46. Rh1 h2 47. Ra1 Kg2 48. Ra2+ Nf2 49. Ra1 h1Q 50. Rxh1 Kxh1 51. Kc5 g5 0-1

[Event "CZE-chTV 0102"]
[Site "Czech Republic"]
[Date "2002.??.??"]
[Round "4"]
[White "Chmiel, Pavel"]
[Black "Kopicka, Karel"]
[Result "1-0"]
[WhiteElo "2268"]
[BlackElo "2158"]
[PlyCount "59"]
[EventDate "2001.??.??"]
[EventType "team-tourn"]
[EventRounds "11"]
[EventCountry "CZE"]
[SourceTitle "EXT 2003"]
[Source "ChessBase"]
[SourceDate "2002.11.25"]
[SourceVersion "1"]
[SourceVersionDate "2002.11.25"]
[SourceQuality "1"]
[WhiteTeam "Polabiny"]
[BlackTeam "Bohemians II"]
[WhiteTeamCountry "CZE"]
[BlackTeamCountry "CZE"]

1. d4 Nf6 2. c4 e6 3. Nc3 d5 4. Nf3 c5 5. cxd5 Nxd5 6. e4 Nxc3 7. bxc3 cxd4 8. cxd4 Bb4+ 9. Bd2 Bxd2+ 10. Qxd2 0-0 11. Be2 Nc6 12. 0-0 b6 13. d5 exd5 14. exd5 Ne7 15. d6 Nf5 16. Rfd1 Bd7 17. Qf4 Rc8 18. Ne5 Rc5 19. Rac1 Rxc1 20. Rxc1 Be6 21. Rd1 Qh4 22. Qxh4 Nxh4 23. Bc4 Ng6 24. Nc6 Bd7 25. Ne7+ Kh8 26. Re1 Nf4 27. g3 Nh5 28. Nd5 Re8 29. Rxe8+ Bxe8 30. Be2 1-0

[Event "Nachod op 8th"]
[Site "Nachod"]
[Date "2002.??.??"]
[Round "8"]
[White "Kopicka, Karel"]
[Black "Tichy, Miroslav2"]
[Result "1-0"]
[WhiteElo "2145"]
[BlackElo "2065"]
[PlyCount "93"]
[EventDate "2002.??.??"]
[EventType "swiss"]
[EventRounds "9"]
[EventCountry "CZE"]
[SourceTitle "EXT 2007"]
[Source "ChessBase"]
[SourceDate "2006.11.23"]
[SourceVersion "1"]
[SourceVersionDate "2006.11.23"]
[SourceQuality "1"]

1. d4 Nf6 2. c4 g6 3. Nc3 Bg7 4. e4 d6 5. Nf3 0-0 6. Be3 Ng4 7. Bg5 h6 8. Bh4 g5 9. Bg3 Nf6 10. Be2 c5 11. d5 Qa5 12. Nd2 Rd8 13. f4 gxf4 14. Bxf4 e5 15. Be3 a6 16. a4 Kf8 17. 0-0 Ke7 18. Bf2 Nbd7 19. Nf3 Nf8 20. Nh4 N8h7 21. Qd2 Rf8 22. Be3 Ng8 23. Nf5+ Bxf5 24. Rxf5 Nhf6 25. Raf1 Qd8 26. Bf2 Nh7 27. Bh5 Ng5 28. Bh4 f6 29. Bf2 Qd7 30. Bg4 Qe8 31. a5 Qg6 32. Qe2 Kd8 33. h4 Nf7 34. Be3 Kc7 35. b4 cxb4 36. Bb6+ Kb8 37. Na4 Ne7 38. R5f2 h5 39. Bxh5 Qg3 40. c5 Qxh4 41. Bxf7 Rxf7 42. cxd6 Nc8 43. Qc4 Nxd6 44. Qxb4 Bf8 45. Bc5 Nxe4 46. Re2 f5 47. Rxe4 1-0

[Event "CZE-chTV 0001"]
[Site "Czech Republic"]
[Date "2001.??.??"]
[Round "4"]
[White "Kopicka, Karel"]
[Black "Blaha, Milan"]
[Result "0-1"]
[WhiteElo "2155"]
[BlackElo "2170"]
[PlyCount "76"]
[EventDate "2000.??.??"]
[EventType "team-tourn"]
[EventRounds "11"]
[EventCountry "CZE"]
[SourceTitle "EXT 2003"]
[Source "ChessBase"]
[SourceDate "2002.11.25"]
[SourceVersion "1"]
[SourceVersionDate "2002.11.25"]
[SourceQuality "1"]

1. d4 Nf6 2. Nf3 g6 3. c4 Bg7 4. Nc3 0-0 5. g3 c6 6. Bg2 d5 7. cxd5 cxd5 8. 0-0 e6 9. Ne5 Nfd7 10. f4 f6 11. Nxd7 Bxd7 12. b3 f5 13. Ba3 Re8 14. Bd6 Bc6 15. Be5 Nd7 16. Rc1 Nxe5 17. fxe5 Bh6 18. Rb1 Be3+ 19. Kh1 Qb6 20. b4 Qxd4 21. Qb3 Qxe5 22. b5 Bd7 23. Rbd1 d4 24. a4 Rab8 25. Na2 a6 26. Rb1 axb5 27. axb5 Rec8 28. b6 Bc6 29. Bf3 Bxf3+ 30. exf3 Rc6 31. Qa3 f4 32. g4 Qd6 33. Qa5 d3 34. Nc3 Bxb6 35. Rxb6 Rxb6 36. Ne4 Qd4 37. g5 Rf8 38. Qa3 d2 0-1

[Event "CZE-chTV 0102"]
[Site "Czech Republic"]
[Date "2001.??.??"]
[Round "4"]
[White "Kopicka, Karel"]
[Black "Kotrba, Tomas"]
[Result "1-0"]
[WhiteElo "2158"]
[BlackElo "2191"]
[PlyCount "76"]
[EventDate "2001.??.??"]
[EventType "team-tourn"]
[EventRounds "11"]
[EventCountry "CZE"]
[SourceTitle "EXT 2003"]
[Source "ChessBase"]
[SourceDate "2002.11.25"]
[SourceVersion "1"]
[SourceVersionDate "2002.11.25"]
[SourceQuality "1"]
[WhiteTeam "Bohemians II"]
[BlackTeam "Zizkov"]
[WhiteTeamCountry "CZE"]
[BlackTeamCountry "CZE"]

1. Nf3 d5 2. c4 d4 3. e3 Nc6 4. exd4 Nxd4 5. Nxd4 Qxd4 6. d3 e5 7. Nc3 Ne7 8. Be3 Qd8 9. d4 exd4 10. Qxd4 Qxd4 11. Bxd4 Bd7 12. 0-0-0 0-0-0 13. Ne4 Nc6 14. Bc3 f6 15. a3 Bf5 16. Rxd8+ Kxd8 17. Nxf6 Bc5 18. Be2 Bxf2 19. b4 Bd4 20. Rd1 gxf6 21. Bxd4 Nxd4 22. Rxd4+ Ke7 23. Bf3 c6 24. Kd2 Rd8 25. Rxd8 Kxd8 26. Ke3 h6 27. Be4 Be6 28. Kd4 Kc7 29. c5 Bd7 30. Ke3 Be6 31. Kf4 Kd8 32. Bf5 Bd5 33. Be4 Be6 34. g3 Ke7 35. a4 Bb3 36. a5 Be6 37. a6 bxa6 38. Bxc6 Kd8 1-0

[Event "CZE-chTV 0001"]
[Site "Czech Republic"]
[Date "2001.??.??"]
[Round "2"]
[White "Kopicka, Karel"]
[Black "Kozlicek, Lubomir"]
[Result "1/2-1/2"]
[WhiteElo "2155"]
[BlackElo "2180"]
[PlyCount "66"]
[EventDate "2000.??.??"]
[EventType "team-tourn"]
[EventRounds "11"]
[EventCountry "CZE"]
[SourceTitle "EXT 2003"]
[Source "ChessBase"]
[SourceDate "2002.11.25"]
[SourceVersion "1"]
[SourceVersionDate "2002.11.25"]
[SourceQuality "1"]

1. Nf3 Nf6 2. c4 g6 3. Nc3 c5 4. d4 cxd4 5. Nxd4 Bg7 6. g3 0-0 7. Bg2 Nc6 8. 0-0 Nxd4 9. Qxd4 d6 10. Qd3 Rb8 11. Bd2 Bd7 12. Rac1 a6 13. c5 dxc5 14. Bf4 c4 15. Qxc4 Rc8 16. Qb4 b5 17. Rfd1 Rc4 18. Qb3 Qb6 19. Be3 Qb8 20. a4 Be6 21. axb5 Ng4 22. Nd5 Nxe3 23. Nxe7+ Kh8 24. Qxe3 Rxc1 25. Qxc1 Qxb5 26. Rd2 Qg5 27. Nd5 Rc8 28. Qd1 Bxd5 29. Rxd5 Rc1 30. Rxg5 Rxd1+ 31. Bf1 Bxb2 32. Ra5 Ra1 33. Rxa1 Bxa1 1/2-1/2

[Event "CZE-chTV 0001"]
[Site "Czech Republic"]
[Date "2001.??.??"]
[Round "4"]
[White "Kopicka, Karel"]
[Black "Vesely, Tomas"]
[Result "1-0"]
[WhiteElo "2155"]
[BlackElo "2085"]
[PlyCount "115"]
[EventDate "2000.??.??"]
[EventType "team-tourn"]
[EventRounds "11"]
[EventCountry "CZE"]
[SourceTitle "EXT 2003"]
[Source "ChessBase"]
[SourceDate "2002.11.25"]
[SourceVersion "1"]
[SourceVersionDate "2002.11.25"]
[SourceQuality "1"]

1. d4 d5 2. c4 e6 3. Nc3 Nf6 4. cxd5 exd5 5. Bg5 Be7 6. e3 0-0 7. Bd3 b6 8. Qc2 Nbd7 9. Nf3 Bb7 10. 0-0 Ne4 11. Bxe7 Qxe7 12. Rac1 c5 13. Rfd1 Rac8 14. Qa4 a6 15. dxc5 Ndxc5 16. Qd4 Rfd8 17. Bb1 b5 18. h3 h6 19. Qe5 Qxe5 20. Nxe5 Nxc3 21. Rxc3 Na4 22. Rxc8 Rxc8 23. Bf5 Re8 24. Nd3 d4 25. exd4 Rd8 26. Re1 g6 27. Be4 Bc8 28. d5 Bb7 29. Rd1 Kf8 30. Rd2 Ke7 31. d6+ Rxd6 32. Bxb7 Kf8 33. Bf3 Nxb2 34. Rxb2 Rxd3 35. Rb3 Rd2 36. Ra3 Rd6 37. Bb7 Rb6 38. Bxa6 b4 39. Ra4 b3 40. axb3 Rxb3 41. Bc4 Rb7 42. Kh2 Kg7 43. Kg3 h5 44. h4 Rc7 45. Kf4 Rc5 46. Bd3 Rc7 47. Be4 Re7 48. Rb4 Ra7 49. Bd5 Rd7 50. Ke5 Re7+ 51. Kd6 Re2 52. f4 f6 53. Rb7+ Kh6 54. Rf7 f5 55. Re7 Rb2 56. Bg8 Rd2+ 57. Kc5 g5 58. hxg5+ 1-0

[Event "Nachod op 6th"]
[Site "Nachod"]
[Date "2000.??.??"]
[Round "2"]
[White "Kopicka, Karel"]
[Black "Pise, Jan"]
[Result "1-0"]
[WhiteElo "2160"]
[BlackElo "2080"]
[PlyCount "51"]
[EventDate "2000.??.??"]
[EventType "swiss"]
[EventRounds "9"]
[EventCountry "CZE"]
[SourceTitle "EXT 2003"]
[Source "ChessBase"]
[SourceDate "2002.11.25"]
[SourceVersion "1"]
[SourceVersionDate "2002.11.25"]
[SourceQuality "1"]

1. d4 d5 2. Nf3 c6 3. c4 Nf6 4. Nc3 e6 5. e3 Bd6 6. Bd3 Nbd7 7. 0-0 0-0 8. e4 dxc4 9. Bxc4 e5 10. h3 Qe7 11. Qe2 Nb6 12. dxe5 Bxe5 13. Nxe5 Qxe5 14. Bb3 Re8 15. f4 Qd4+ 16. Be3 Qb4 17. e5 Nfd5 18. Bd2 Qd4+ 19. Kh1 Bf5 20. Rf3 g5 21. Rd1 gxf4 22. Qf1 Qxe5 23. Bxf4 Nxf4 24. Rxf4 Be6 25. Re1 Qc7 26. Bxe6 1-0

[Event "CZE-chTV 0001"]
[Site "Czech Republic"]
[Date "2000.??.??"]
[Round "3"]
[White "Mikuev, Erenzen"]
[Black "Kopicka, Karel"]
[Result "1/2-1/2"]
[WhiteElo "2225"]
[BlackElo "2155"]
[PlyCount "53"]
[EventDate "2000.??.??"]
[EventType "team-tourn"]
[EventRounds "11"]
[EventCountry "CZE"]
[SourceTitle "EXT 2002"]
[Source "ChessBase"]
[SourceDate "2001.11.25"]
[SourceVersion "1"]
[SourceVersionDate "2001.11.25"]
[SourceQuality "1"]

1. e4 e6 2. d4 d5 3. Nd2 Nf6 4. e5 Nfd7 5. f4 c5 6. c3 Nc6 7. Ndf3 f6 8. g3 cxd4 9. cxd4 Bb4+ 10. Kf2 0-0 11. Kg2 g5 12. exf6 gxf4 13. Bxf4 Qxf6 14. Nh3 Qg7 15. Bd3 e5 16. dxe5 Ndxe5 17. Nxe5 Nxe5 18. Bb5 Bxh3+ 19. Kxh3 Rad8 20. Bxe5 Qxe5 21. Qg4+ Kh8 22. Qxb4 d4 23. Rhf1 Qe6+ 24. Kg2 Qe4+ 25. Kg1 Qe3+ 26. Kg2 Qe4+ 27. Kg1 1/2-1/2

[Event "Nachod op 5th"]
[Site "Nachod"]
[Date "1999.??.??"]
[Round "6"]
[White "Kopicka, Karel"]
[Black "Stastny, Jan"]
[Result "0-1"]
[WhiteElo "2050"]
[BlackElo "2170"]
[PlyCount "78"]
[EventDate "1999.??.??"]
[EventType "swiss"]
[EventRounds "9"]
[EventCountry "CZE"]
[SourceTitle "EXT 2000"]
[Source "ChessBase"]
[SourceDate "1999.11.16"]
[SourceVersion "1"]
[SourceVersionDate "1999.11.16"]
[SourceQuality "1"]

1. Nf3 Nf6 2. c4 g6 3. Nc3 Bg7 4. e4 d6 5. d4 0-0 6. Be3 Na6 7. Be2 c5 8. d5 e6 9. 0-0 exd5 10. cxd5 Re8 11. Nd2 Nc7 12. a4 b6 13. Qc2 a6 14. Bf4 Rb8 15. Nc4 Bf8 16. Bf3 b5 17. axb5 axb5 18. Na5 Bd7 19. Rfe1 b4 20. Ne2 Nb5 21. Nc4 Bg4 22. Bxg4 Nxg4 23. Na5 Qc7 24. Nc6 Ra8 25. Qc4 Qb6 26. Rxa8 Rxa8 27. h3 Nf6 28. Ng3 Nd7 29. e5 dxe5 30. Nxe5 Nxe5 31. Rxe5 Nd6 32. Qe2 c4 33. Ne4 Nxe4 34. Rxe4 c3 35. bxc3 bxc3 36. Rc4 Qb2 37. Qd3 Ra1+ 38. Kh2 Qxf2 39. Be3 Bd6+ 0-1

[Event "CZE-chTV 9900"]
[Site "Czech Republic"]
[Date "1999.??.??"]
[Round "?"]
[White "Korsa, Jindrich"]
[Black "Kopicka, Karel"]
[Result "0-1"]
[WhiteElo "2007"]
[BlackElo "2050"]
[PlyCount "40"]
[EventDate "1999.??.??"]
[EventType "team-tourn"]
[EventRounds "11"]
[EventCountry "CZE"]
[SourceTitle "EXT 2002"]
[Source "ChessBase"]
[SourceDate "2001.11.25"]
[SourceVersion "1"]
[SourceVersionDate "2001.11.25"]
[SourceQuality "1"]

1. e4 e5 2. f4 d5 3. exd5 c6 4. Nf3 exf4 5. d4 Bd6 6. c4 cxd5 7. Nc3 Ne7 8. Qb3 0-0 9. Bd3 dxc4 10. Bxc4 Nbc6 11. Ng5 Nxd4 12. Bxf7+ Kh8 13. Qd1 Nef5 14. Qh5 h6 15. Nce4 Bb4+ 16. Kf2 Qb6 17. Bxf4 Ne6+ 18. Kf3 Nxf4 19. Kxf4 Qe3+ 20. Ke5 Bd6+ 0-1